<?xml version="1.0" encoding="UTF-8"?>
<record
    xmlns:xsi="http://www.w3.org/2001/XMLSchema-instance"
    xsi:schemaLocation="http://www.loc.gov/MARC21/slim http://www.loc.gov/standards/marcxml/schema/MARC21slim.xsd"
    xmlns="http://www.loc.gov/MARC21/slim">

  <leader>01778nam a22001817a 4500</leader>
  <controlfield tag="003">IT-RoPau</controlfield>
  <controlfield tag="005">20220918181105.0</controlfield>
  <controlfield tag="008">130508b        xxu||||| |||| 00| 0 eng d</controlfield>
  <datafield tag="040" ind1=" " ind2=" ">
    <subfield code="c">IT-RoPau</subfield>
  </datafield>
  <datafield tag="100" ind1=" " ind2=" ">
    <subfield code="a">Centro di Spiritualit&#xE0; Paolina</subfield>
    <subfield code="9">518</subfield>
  </datafield>
  <datafield tag="245" ind1=" " ind2=" ">
    <subfield code="a">Supplemento a "Camminiamo anche noi in novit&#xE0; di vita"</subfield>
  </datafield>
  <datafield tag="250" ind1=" " ind2=" ">
    <subfield code="a">1&#xB0; ed</subfield>
  </datafield>
  <datafield tag="260" ind1=" " ind2=" ">
    <subfield code="a">Ariccia (Roma)</subfield>
    <subfield code="b">Centro di Spiritualit&#xE0; Paolina - Casa Divino Maestro</subfield>
    <subfield code="c">1979</subfield>
  </datafield>
  <datafield tag="300" ind1=" " ind2=" ">
    <subfield code="a">24 pp.</subfield>
    <subfield code="c">33 cm</subfield>
  </datafield>
  <datafield tag="490" ind1=" " ind2=" ">
    <subfield code="a">"Camminiamo anche noi in novit&#xE0; di vita"</subfield>
    <subfield code="v">n&#xB0; 6 aprile 1979</subfield>
  </datafield>
  <datafield tag="520" ind1=" " ind2=" ">
    <subfield code="a">Sommario

Presenza dello Spirito Santo nella vita e nelle Lettere di san Paolo
I. (26 maggio, sabato)
"Non Abbiamo ricevuto lo spirito del mondo, ma lo Spirito di Dio, per conoscere tutto ci&#xF2; che Dio ci ha donato" (1 Corinzi 2,12)
II. (27 maggio, domenica)
"Non spegnete lo Spirito" (1 Tess. 5,19)
III. (28 maggio, luned&#xEC;)
"Ci ha salvati mediante un lavacro di rigenerazione e di8 rinnovamento nello Spirito Santo" (Tito 3,5)
"Avete ricevuto il sigilo dello Spirito Santo" (Ef 1,13)
IV. (29 maggio, marted&#xEC;)
"Che siete figli ne &#xE9; prova il fatto che Dio ha mandato nei nostri cuori lo spirito del suo Figlio che grida: Abb&#xE0;, Padre ' quindi non sei pi&#xF9; schiavo, ma Figlio" (Gal 4, 6-7)
V. (30 maggio, mercoled&#xEC;)
"Il frutto dello Spirito &#xE9; : Amore..." (Gal 5,22)
VI. (31 maggio, gioved&#xEC;)
"Incorporati nella fabbrica a diventare dimora di Dio per mezzo dello Spirito" (Efes 2,22)
VII. (1 giugno, venerd&#xEC;)
"Non soltanto con la parola, ma con potenza e con Spirito Santo" (1 Tess 1,5)
VIII. (sabato 2 giugno)
"Potentemente rafforzati dal Suo Spirito nell'uomo interiore" (Efes 3,16)
IX. (3 giugno, domenica di Pentecoste)
"Gli premeva di essere a Gerusalemme per il giorno della Pentecoste" (Atti 20,16)</subfield>
  </datafield>
  <datafield tag="942" ind1=" " ind2=" ">
    <subfield code="2">ddc</subfield>
    <subfield code="c">CR</subfield>
  </datafield>
  <datafield tag="999" ind1=" " ind2=" ">
    <subfield code="c">98501</subfield>
    <subfield code="d">98501</subfield>
  </datafield>
  <datafield tag="952" ind1=" " ind2=" ">
    <subfield code="0">0</subfield>
    <subfield code="1">0</subfield>
    <subfield code="2">ddc</subfield>
    <subfield code="4">0</subfield>
    <subfield code="6">P_C6</subfield>
    <subfield code="7">1</subfield>
    <subfield code="a">PAULUS</subfield>
    <subfield code="b">PAULUS</subfield>
    <subfield code="d">2013-05-08</subfield>
    <subfield code="l">0</subfield>
    <subfield code="o">P C6</subfield>
    <subfield code="p">Sp Fp 15</subfield>
    <subfield code="r">2013-05-08 00:00:00</subfield>
    <subfield code="w">2013-05-08</subfield>
    <subfield code="y">CR</subfield>
  </datafield>
</record>
